Victorio Macho / (Record no. 108317)

MARC details
000 -LEADER
campo de control de longitud fija 00882nam a2200253 i 4500
001 - NÚMERO DE CONTROL
campo de control 108317
003 - IDENTIFICADOR DE NÚMERO DE CONTROL
campo de control ES-MaACL
005 - FECHA Y HORA DE LA ÚLTIMA TRANSACCIÓN
campo de control 20230906184625.0
007 - CAMPO FIJO DE DESCRIPCIÓN FÍSICA--INFORMACIÓN GENERAL
campo de control de longitud fija t|
008 - DATOS DE LONGITUD FIJA--INFORMACIÓN GENERAL
campo de control de longitud fija 061121s1971 sp o r ||||1| spa d
080 ## - NÚMERO DE LA CLASIFICACIÓN DECIMAL UNIVERSAL
Número de la Clasificación Decimal Universal 73 Macho, Victorio
080 ## - NÚMERO DE LA CLASIFICACIÓN DECIMAL UNIVERSAL
Número de la Clasificación Decimal Universal 929 Macho, Victorio
100 1# - ENTRADA PRINCIPAL--NOMBRE DE PERSONA
Nombre de persona Mon, Fernando.
9 (RLIN) 82093
245 10 - MENCIÓN DEL TÍTULO
Título Victorio Macho /
Mención de responsabilidad, etc. Fernando Mon.
260 ## - PUBLICACIÓN, DISTRIBUCIÓN, ETC.
Lugar de publicación, distribución, etc. [Madrid] :
Nombre del editor, distribuidor, etc. Dirección General de Bellas Artes,
Fecha de publicación, distribución, etc. [1971]
300 ## - DESCRIPCIÓN FÍSICA
Extensión 75, [23] p. de fot. bl. y n. ;
Dimensiones 17 cm.
490 1# - MENCIÓN DE SERIE
Mención de serie Artistas españoles contemporáneos. Escultores ;
Designación de volumen o secuencia 7
600 14 - PUNTO DE ACCESO ADICIONAL DE MATERIA--NOMBRE DE PERSONA
Nombre de persona Macho, Victorio,
Fechas asociadas al nombre 1887-1966
9 (RLIN) 75193
710 1# - ENTRADA AGREGADA--NOMBRE DE ENTIDAD CORPORATIVA
Nombre de entidad corporativa o nombre de jurisdicción como elemento de entrada España.
Unidad subordinada Dirección General de Bellas Artes.
9 (RLIN) 3704
830 0# - PUNTO DE ACCESO ADICIONAL DE SERIE-TÍTULO UNIFORME
Título uniforme Artistas españoles contemporáneos. Escultores ;
Designación de volumen o secuencia 7
9 (RLIN) 189662
852 ## - LOCALIZACIÓN
Ubicación ES-MaACL
Número de control de estantería C-40883
Sublocalización o colección R.77359
852 ## - LOCALIZACIÓN
Ubicación ES-MaACL
Número de control de estantería 2261-F-7
Encuadernación Olim P-1916
Holdings
Estatus retirado Estado de pérdida Estado de daño No para préstamo Colección Biblioteca de origen Biblioteca actual Ubicación en estantería Fecha de adquisición Fuente de adquisición Total de préstamos Signatura topográfica completa Código de barras Visto por última vez Precio de reemplazo Tipo de ítem Koha
        Colección de folletos Biblioteca del Ateneo de Madrid Biblioteca del Ateneo de Madrid Depósito folletos 22/10/2010     2261-F-7 1184112 23/02/2023 23/02/2023 Folleto
          Biblioteca del Ateneo de Madrid Biblioteca del Ateneo de Madrid Depósito 2 17/01/2008     C-40883 1113024 23/02/2023 23/02/2023 Libro impreso